| 000 | 00626nam a22002057a 4500 | ||
|---|---|---|---|
| 999 |
_c9087 _d9087 |
||
| 003 | AR-CdUCM | ||
| 008 | 190327b ||||| |||| 00| 0 spa d | ||
| 020 | _a978-968-16-6023-9 | ||
| 040 |
_aMUNICIPALIDAD PROVINCIAL DEL CUSCO _cBIBLIOTECA MUNICIPAL DEL CUSCO |
||
| 082 |
_aSI-0037 / _bFOX / cre |
||
| 100 |
_aFox, Mem _925080 |
||
| 245 | _a¿Qué crees ? / | ||
| 260 |
_aMéxico : _bFondo de Cultura Económica, _c1999. |
||
| 300 |
_bIlustraciones. _c29 cm. |
||
| 650 |
_aLiteratura Infantil _9588 |
||
| 650 |
_aSiglo XXI _92856 |
||
| 700 |
_aGoodman, Vivienne (Ilustraciones) _925081 |
||
| 942 |
_2ddc _cLIBROS |
||
| 945 | _aafb | ||